000 00350nam a22001337a 4500
999 _c13761
_d13761
020 _a9781492078197
082 _a005
100 _aLaurence Moroney
245 _aAI and Machine Learning for Coders:
_bA Programmer's Guide to Artificial Intelligence
250 _a1st ed.
260 _aUSA
_bO'Reilly Media
_c2020
300 _a390 pages
942 _cBK